Geography Quiz

Random Geography or City Quiz

'F' Cities by Picture Quiz Stats

 Plays Quiz Updated Aug 1, 2018

Challenge
Share
Tweet
Score 0/20 Timer 07:00
26 Plays Today
% Correct
Florence, Italy
86.7%
Frankfurt, Germany
74%
Freetown, Sierra Leone
54.8%
Fort Lauderdale, Florida, USA
48.7%
Fuji, Japan
47.8%
Fes, Morocco
43.5%
Fort Worth, Texas, USA
43%
Funafuti, Tuvalu
38.8%
Fortaleza, Brazil
31.6%
Faisalabad, Pakistan
25.3%
% Correct
Fairbanks, Alaska, USA
23.9%
Fresno, California, USA
23.7%
Fort Wayne, Indiana, USA
18%
Fukuoka, Japan
16.7%
Freiburg, Germany
15.8%
Fuzhou, China
13.8%
Flint, Michigan, USA
10.4%
Fredericton, Canada
8.5%
Fredrikstad, Norway
8.3%
Ferrara, Italy
6.5%

You're not logged in!

Compare scores with friends on all Sporcle quizzes.
Join for Free
OR
Log In

You Might Also Like...

Show Comments

Extras

Top Quizzes Today


Score Distribution

Your Account Isn't Verified!

In order to create a playlist on Sporcle, you need to verify the email address you used during registration. Go to your Sporcle Settings to finish the process.

Report this User

Report this user for behavior that violates our Community Guidelines.

Details: